000 00289nam a22001337a 4500
020 _a0-17-431497-3
041 _aENG
100 _aBrown.R.H
245 _aIntermediatr 1 Mathematics
260 _aDelhi
_bThomson Nelson
_c1999
300 _a376
650 _aMaths
856 _uM.Tech ( 7 )
999 _c624
_d624